| 000 | 00352nam a22001457a 4500 | ||
|---|---|---|---|
| 008 | 211012b ||||| |||| 00| 0 eng d | ||
| 020 | _a9780201895407 | ||
| 041 | _aeng | ||
| 080 | _a004 | ||
| 082 | _a004 | ||
| 100 | _a28 | ||
| 101 | _aSHKI | ||
| 245 |
_aInside Corba Distributed Object Standards and Applications _cMowbray,Th.J |
||
| 942 |
_2udc _cBK |
||
| 999 |
_c58185 _d58185 |
||